| 000 | 00380nam a2200145Ia 4500 | ||
|---|---|---|---|
| 008 | 230312s9999||||xx |||||||||||||| ||und|| | ||
| 020 | _a04-586000-22 | ||
| 082 |
_a620.1127 _bAST-P |
||
| 100 | _aBerger;Harold | ||
| 245 | 0 | _aPractical Applications of Neutron Radiography and Gaging | |
| 260 |
_bASTM _aUSA _c1975 |
||
| 300 | _a319 | ||
| 650 |
_aEngineering _vPhysics |
||
| 942 | _cBK | ||
| 999 |
_c13957 _d13957 |
||